Un ejemplo de aplicación de los niveles de conocimiento de Bloom a las matrices matemáticas / (Record no. 18665)

MARC details
000 -CABECERA
campo de control de longitud fija 00681nam a2200193 a 4500
005 - FECHA Y HORA DE LA ÚLTIMA TRANSACCIÓN
campo de control 20251205063951.0
008 - ELEMENTOS DE LONGITUD FIJA--INFORMACIÓN GENERAL
campo de control de longitud fija 991125s1982 mx 000 0 spa u
035 ## - NÚMERO DE CONTROL DEL SISTEMA
Número de control de sistema UPN01000018665
049 ## - COLECCIÓN
Colección F
050 #4 - SIGNATURA TOPOGRÁFICA DE LA BIBLIOTECA DEL CONGRESO
Número de clasificación LB1025
Número de documento/Ítem D5 no.12
100 1# - ASIENTO PRINCIPAL--NOMBRE PERSONAL
Nombre de persona García Malo Urrutia, Javier
245 13 - MENCIÓN DE TÍTULO
Título Un ejemplo de aplicación de los niveles de conocimiento de Bloom a las matrices matemáticas /
Mención de responsabilidad, etc. Javier García Malo Urrutia.
260 ## - PUBLICACIÓN, DISTRIBUCIÓN, ETC.
Lugar de publicación, distribución, etc. México :
Nombre del editor, distribuidor, etc. Universidad Iberoamericana, Centro de Didáctica,
Fecha de publicación, distribución, etc. 1982.
300 ## - DESCRIPCIÓN FÍSICA
Extensión p. 107-116
440 #0 - MENCIÓN DE SERIE/ASIENTO SECUNDARIO--TÍTULO
Título DIDAC.
Nombre de parte o sección de la obra Boletín ;
Designación de volumen o secuencia 12
650 #4 - ASIENTO SECUNDARIO DE MATERIA - TERMINO TEMATICO
Término de materia o nombre geográfico como elemento de entrada Enseñanza
Subdivisión de forma Colecciones
9 (RLIN) 21467
650 #4 - ASIENTO SECUNDARIO DE MATERIA - TERMINO TEMATICO
Término de materia o nombre geográfico como elemento de entrada Matemáticas
Subdivisión general Planes y programas
9 (RLIN) 12134
905 ## - TIPO DE MATERIAL
Tipo de material Libro
Holdings
Estado de retiro Estado de pérdida Fuente del sistema de clasificación o colocación Estado dañado No para préstamo Código de colección Localización permanente Ubicación/localización actual Ubicación en estantería Total de préstamos Clasificación Código de barras Fecha visto por última vez Número de copia Tipo de ítem Koha
    Library of Congress Classification   Folletos Folletería Bib. Gregorio Torres Quintero Bib. Gregorio Torres Quintero Folletos   LB1025 D5 no.12 19216F 31/12/2020 1 Libro
    Library of Congress Classification   Folletos Folletería Bib. Gregorio Torres Quintero Bib. Gregorio Torres Quintero Folletos   LB1025 D5 no.12 19217F 31/12/2020 1 Libro
    Library of Congress Classification   Folletos Folletería Bib. Gregorio Torres Quintero Bib. Gregorio Torres Quintero Folletos   LB1025 D5 no.12 19218F 31/12/2020 1 Libro